Normal view
MARC view
- Prakash, Bowlekar Adwait
Entry Personal Name
001 - CONTROL NUMBER
- control field: 5733
003 - CONTROL NUMBER IDENTIFIER
- control field: OSt
005 - DATE AND TIME OF LATEST TRANSACTION
- control field: 20231128152841.0
008 - FIXED-LENGTH DATA ELEMENTS
- fixed length control field: 231128|| aca||aabn | a|a d
040 ## - CATALOGING SOURCE
- Original cataloging agency: OSt
- Transcribing agency: OSt
100 ## - HEADING--PERSONAL NAME
- Personal name: Prakash, Bowlekar Adwait
670 ## - SOURCE DATA FOUND
- Source citation: Work cat.: (OSt)18066: Prakash, Bowlekar Adwait, Determination of water balance components of a micro watershed for improved water management practices /
